000 00628nam a2200169 a 4500
001 000029337
005 20200930055503.0
008 110414s1938 dr 000 0 spa d
040 _aDO-SdBNP
_bspa
_cBNPHU
082 _axxxx
_bT866d
100 1 _aRepública Dominicana.
_bPresidente (1930-1961 : Trujillo)
_956215
245 1 0 _aDiscurso pronunciado por el presidente Trujillo, benefactor de la patria, en la Asamblea Nacional del 16 de agosto de 1938.
246 1 0 _aMagistral discurso del presidente Trujillo.
260 _aSantiago, República Dominicana, :
_bEl Diario,
_c1938.
300 _a18 p. ;
_c21 cm.
049 _aBNPD
999 _c28829
_d28829